000 00748cam a2200205 i 4500
005 20251117090927.0
008 250721s1985 ua gr 000 0 ara d
020 _a9871370084
082 1 4 _a210.4
_bح س ن
100 1 _aالبنا، حسن.
_eمؤلف.
245 1 0 _aحديث الثلاثاء /
_cللإمام حسن البنا ؛ سجلها وأعدها للنشر احمد عيسى عاشور.
264 3 1 _aالقاهرة :
_bمكتبة القرآن للطبع والنشر والتوزيع،
_c1985.
300 _a510 صفحة.
650 1 7 _aالإسلام.
650 1 7 _aالمقالات.
650 1 7 _aالمحاضرات.
700 1 _aعاشور،احمد عيسى.
_eمعد.
942 _2ddc
_cBK
999 _c4569
_d4569